01013nam a2200277Ia 4500003000400000005001700004008004100021020001800062040001800080041000800098082002100106100003300127245007000160250001300230260003300243300002700276650004500303650004600348650004800394650004000442650003100482650003100513942002500544999001900569952014700588OSt20241104155221.0210716s2017 xx 000 0 und d a9789385998676 cAIMIT LIBRARY aeng a005.73 21bSALG aSalanke, Girish Rao.9183807 aData structure: bLab experiment with c /cBy Girish Rao Salanke. a1st ed.: aNew Delhi:c2017.bMEDTECH , axi,118 p.;bPBc25 cm. aString searching and replacement9184093 aStack implementation using arrays9184094 aConvert infix to postfix expression9184095 aCircular queue using arrays9184096 aDoubly linked list9184097 aBinary search tree9184098 2ddccBKk005.73 SALG c195973d195973 001040708MCAaAIMITbAIMITeScientific International Pvt Ltdg150.00l0o005.73 SALGpMCA15486r2026-05-23 00:00:00v105.00w2021-07-16yBK